| 000 -LEADER |
| fixed length control field |
00640nam a22002177a 4500 |
| 001 - CONTROL NUMBER |
| control field |
21708 |
| 003 - CONTROL NUMBER IDENTIFIER |
| control field |
BD-DhUAP |
| 005 - DATE AND TIME OF LATEST TRANSACTION |
| control field |
20220723103354.0 |
| 008 - FIXED-LENGTH DATA ELEMENTS--GENERAL INFORMATION |
| fixed length control field |
220628b ||||| |||| 00| 0 eng d |
| 040 ## - CATALOGING SOURCE |
| Original cataloging agency |
BD-DhUAP |
| Language of cataloging |
eng |
| Transcribing agency |
BD-DhUAP |
| Modifying agency |
BD-DhUAP |
| 082 ## - DEWEY DECIMAL CLASSIFICATION NUMBER |
| Edition number |
23 |
| Classification number |
346.0436 CHO |
| 110 ## - MAIN ENTRY--CORPORATE NAME |
| Corporate name or jurisdiction name as entry element |
Chowdhury's, Obaidul Huq. |
| 245 ## - TITLE STATEMENT |
| Title |
Transfer of property Act [IV of 1882] / |
| Remainder of title |
Obaidul Huq Chowdhury's. |
| 250 ## - EDITION STATEMENT |
| Edition statement |
4th Edition: |
| 260 ## - PUBLICATION, DISTRIBUTION, ETC. |
| Place of publication, distribution, etc. |
Dhaka: |
| Name of publisher, distributor, etc. |
Dhaka Law reports. |
| Date of publication, distribution, etc. |
2013. |
| 300 ## - PHYSICAL DESCRIPTION |
| Extent |
[32],580 Pages; |
| Other physical details |
26 cm. |
| 500 ## - GENERAL NOTE |
| General note |
Spine title: Transfer of Property Act. |
| 501 ## - WITH NOTE |
| With note |
Includes Index. |
| 710 ## - ADDED ENTRY--CORPORATE NAME |
| Corporate name or jurisdiction name as entry element |
Bangladesh. |
| 942 ## - ADDED ENTRY ELEMENTS (KOHA) |
| Source of classification or shelving scheme |
|
| Koha item type |
Book |